El movimiento en el desarrollo de la persona
Saved in:
| Hovedforfatter: | |
|---|---|
| Format: | Bog |
| Sprog: | spansk |
| Udgivet: |
Barcelona
Paidotribo
1997
|
| Serier: | Colección Pedagogías Corporales
|
| Fag: | |
| Tags: |
Tilføj Tag
Ingen Tags, Vær først til at tagge denne postø!
|
MARC
| LEADER | 00000nam a2200000 a 4500 | ||
|---|---|---|---|
| 001 | UCR5840 | ||
| 003 | CL-VaPUC | ||
| 008 | 980403e19970000SP |||||||||||||||||spa|d | ||
| 082 | 0 | 4 | |a 796 |b LEB |2 21 |
| 100 | |a Le Boulch, Jean |e author |9 406718 | ||
| 245 | 1 | 3 | |a El movimiento en el desarrollo de la persona |
| 300 | |a 339 p | ||
| 942 | |c BK | ||
| 945 | |d 19980403 00:00:00 |a rbrito | ||
| 260 | |a Barcelona |b Paidotribo |c 1997 | ||
| 650 | 0 | |a Educación física |9 240893 | |
| 650 | 0 | |a Expresión corporal |9 308898 | |
| 650 | 7 | |a PSICOMOTRICIDAD |2 CL-VaPUC |9 241072 | |
| 583 | |a last modification |c 19980403 00:00:00 |k Rodrigo Vera | ||
| 490 | 0 | |a Colección Pedagogías Corporales | |
| 999 | |c 268188 |d 268186 | ||
| 952 | |0 0 |1 0 |4 0 |6 796_000000000000000_LEB_1997 |7 0 |8 A |9 301137 |a BIBEDU |b BIBEDU |d 2019-11-20 |i 3408817 |o 796 LEB 1997 |p 3408817 |r 2019-11-20 |w 2019-11-20 |y BK |k EFI | ||
| 952 | |0 0 |1 0 |4 0 |6 796_000000000000000_LEB_1997 |7 0 |8 A |9 301138 |a BIBEDU |b BIBEDU |d 2019-11-20 |i 3446166 |o 796 LEB 1997 |p 3446166 |r 2019-11-20 |w 2019-11-20 |y BK |k EFI | ||